00310nam a2200145Ia 45000030006000000050017000060080041000230400009000640410012000730820015000851000018001002450029001182600009001473000008001560Nust20170105110258.0161124s9999 xx 000 0 und d cIGIS aEnglish a658.4bNAS aM.Saeed nasir aIntroduction to Business c1999 a320